LEADER 02145nam a2200301 i 4500 001 000000338903 003 CaOOAMICUS 005 20200117115306.0 008 200117s2014 it u000 u ita u 013 $a218411 020 $a978-88-16-41266-8 040 $aSeMil$bita 245 12$aL'intrico dell'io / $ca cura di Francesca Bonicalzi e Silvano Facioni ; testi di Matteo Amori ... [et al.]. 264 1$aMilano :$bJaca Book,$c2014. 300 $a217 p. ;$c23 cm. 520 2 $aI contributi raccolti in questo volume colgono la sfida a tutto campo di una domanda sull'io che non si lascia catturare nelle maglie di un pensiero omologante. Al contrario, lascia precipitare nel nostro presente sguardi diversi la cui radice continua a inviare segnali - come un sonar inabissato nell'oceano - che attendono solo di essere ascoltati e decifrati. 520 2 $aI testi, organizzati intorno alle sezioni "corpo", "altro", "inconscio", "storia" e "linguaggio", commentano l'opera di autori ed epoche distanti nel tempo, accomunati dalla medesima esigenza: individuare nell'intrico dell'io alcuni tracciati poco esplorati che rimettano in discussione conquiste ed esiti teorici oggi considerati indiscutibili e definitivi. Nella specificitā degli stili e dei percorsi qui raccolti, si tratterā di riconoscere un comune interrogare che testimonia il senso profondo dell'intrico dell'io: essere intreccio di voci, crocevia di scambi, irriducibile apertura all'alteritā. 650 04$aSoggetto .$0(OLS)http://semarc/subject/44951 700 1 $aAmori, Matteo.$0(OLS)http://semarc/name/110759 700 1 $aBonicalzi, Francesca.$0(OLS)http://semarc/name/33708 700 1 $aFacioni, Silvano.$0(OLS)http://semarc/name/33730 830 0$aFilosofia.$0(OLS)http://semarc/title/8053 850 $aSeMil 852 $aSeMil$W1$xVenegono$y1$m2P VI 572$j218623$B230550$CSeMilBibl$Z2$F230550 $81 996 $6020$a978-88-16-41266-8$9(OLS)http://semarc/number/289642 996 $6245$aL'intrico dell'io / $9(OLS)http://semarc/title/427702 996 $6264$aMilano :$bJaca Book$9(OLS)http://semarc/publisher/29781 LEADER 01413nas a2200289 i 4500 001 000000119225 003 CaOOAMICUS 005 20050829000000.0 008 050208b2005 gw uu u0 0mul r 013 $a91918 040 $aSeMil$bita 245 10$a2005 /$cin Verbindung mit Hanns Christof Brennecke, Hermann Lichtenberger und Loren T. Stuckenbruck ; sowie unter Mitwirkung von James D.G. Dunn ... [et al.] ; herausgegeben von Michael Wolter. 260 $aBerlin ; New York :$bDe Gruyter,$ccopyr. 2005. 300 $a291 p. ;$c23 cm. 700 1 $aBrennecke, Hanns Christof,$d<1947- >.$0(OLS)http://semarc/name/81 700 1 $aLichtenberger, Hermann.$0(OLS)http://semarc/name/35098 700 1 $aWolter, Michael,$d<1950- >.$0(OLS)http://semarc/name/14956 700 1 $aDunn, James Douglas Grant,$d<1939-2020>.$0(OLS)http://semarc/name/89997 700 1 $aStuckenbruck, Loren T.,$d<1960- >.$0(OLS)http://semarc/name/41939 773 0 $tZeitschrift für die Neutestamentliche Wissenschaft.$dGiessen ; Berlin : [s.n.] $x0044-2615$w()3138 774 0 $t[SENZA TITOLO].$w()259810 774 0 $t[SENZA TITOLO].$w()262309 850 $aSeMil 852 $aSeMil$W1$xVenegono$y1$m79 1 56$j74458$B74458$CSeMilBibl$Z2$F102059 $85 961 $aAbbonamento: De Gruyter 996 $6245$a2005$9(OLS)http://semarc/title/161053 996 $6260$aBerlin ; New York :$bDe Gruyter$9(OLS)http://semarc/publisher/29892